<?xml version="1.0" encoding="UTF-8"?><?xml-stylesheet type="text/xsl" href="static/style.xsl"?><OAI-PMH xmlns="http://www.openarchives.org/OAI/2.0/" xmlns:xsi="http://www.w3.org/2001/XMLSchema-instance" xsi:schemaLocation="http://www.openarchives.org/OAI/2.0/ http://www.openarchives.org/OAI/2.0/OAI-PMH.xsd"><responseDate>2026-04-13T14:21:45Z</responseDate><request verb="GetRecord" identifier="oai:www.recercat.cat:10230/52231" metadataPrefix="marc">https://recercat.cat/oai/request</request><GetRecord><record><header><identifier>oai:recercat.cat:10230/52231</identifier><datestamp>2025-12-19T20:27:24Z</datestamp><setSpec>com_2072_6</setSpec><setSpec>col_2072_452954</setSpec></header><metadata><record xmlns="http://www.loc.gov/MARC21/slim" xmlns:dcterms="http://purl.org/dc/terms/" xmlns:xsi="http://www.w3.org/2001/XMLSchema-instance" xmlns:doc="http://www.lyncode.com/xoai" xsi:schemaLocation="http://www.loc.gov/MARC21/slim http://www.loc.gov/standards/marcxml/schema/MARC21slim.xsd">
   <leader>00925njm 22002777a 4500</leader>
   <datafield ind2=" " ind1=" " tag="042">
      <subfield code="a">dc</subfield>
   </datafield>
   <datafield ind2=" " ind1=" " tag="720">
      <subfield code="a">Cordal García, Ariadna</subfield>
      <subfield code="e">author</subfield>
   </datafield>
   <datafield ind2=" " ind1=" " tag="260">
      <subfield code="c">2022-01-14T17:30:35Z</subfield>
   </datafield>
   <datafield ind2=" " ind1=" " tag="260">
      <subfield code="c">2022-01-14T17:30:35Z</subfield>
   </datafield>
   <datafield ind2=" " ind1=" " tag="260">
      <subfield code="c">2021</subfield>
   </datafield>
   <datafield ind2=" " ind1=" " tag="520">
      <subfield code="a">Tutor: Manuel Garin Boronat</subfield>
   </datafield>
   <datafield ind2=" " ind1=" " tag="520">
      <subfield code="a">Treball de fi de Máster en Estudis de Cinema y Audiovisual Contemporanis</subfield>
   </datafield>
   <datafield ind2=" " ind1=" " tag="520">
      <subfield code="a">¿Qué resultados derivan de una ideología de dominio masculino sobre la máquina?&#xd;
¿Cómo se puede relacionar con la acción humana sobre la naturaleza? Si nos fijamos en el cine&#xd;
&#xd;
contemporáneo estadounidense, el análisis ecofeminista de películas de dominio petro-&#xd;
masculino es una instancia descubridora de un pensamiento avaricioso sobre la naturaleza que&#xd;
&#xd;
puede contraponerse a otra tendencia donde se la representa idílica, desde la nostalgia. La&#xd;
historia del ferrocarril y la frontera móvil de la nación americana palpitan alrededor de estos&#xd;
temas y permanecen, junto al western, como ruinas sobre las que se establecen los personajes&#xd;
y los paisajes de las filmografías de Paul Thomas Anderson, Terrence Malick y Kelly Reichardt.&#xd;
El estudio de sus visiones es revelador de cara a entender las vigencias y resistencias al abuso&#xd;
de poder tecno-masculino.</subfield>
   </datafield>
   <datafield ind2=" " ind1=" " tag="520">
      <subfield code="a">What results derive from an ideology that serves masculine mastery over machines?&#xd;
How does it relate to the human footprint over nature? Looking at American contemporary&#xd;
cinema, an ecofeminist analysis of films that show petro-masculine dominance sheds light on&#xd;
a greedy mentality over nature that can be opposed to another trend where it is represented as&#xd;
idyllic, deriving from nostalgia. The history of the railroad and the mobile frontier of the&#xd;
American nation throbs around these topics and remains, alongside the Western genre, as ruins&#xd;
where the characters and the landscapes of Paul Thomas Anderson, Terrence Malick and Kelly&#xd;
Reichardt’s filmographies emerge from. The analysis of their visions is revealing towards&#xd;
understanding validities and resistances to techno-masculine power abuse.</subfield>
   </datafield>
   <datafield ind2="0" ind1="0" tag="245">
      <subfield code="a">El dominio tecno-masculino sobre la naturaleza en el cine de Anderson, Malick y Reichardt: una relectura ecofeminista</subfield>
   </datafield>
</record></metadata></record></GetRecord></OAI-PMH>